000 01514nas a2200265 a 4500
001 000650548
003 AM-YeHGA
005 20250617141154.0
008 090414c19899999ru mr p 0 0rus d
040 _aAM-YeHGA
041 0 _arus
222 0 0 _aУрал
245 0 0 _aУрал :
_bЕжемесячный литературно-художественный и общественно-политический журнал. /
_cСоюз писателей РСФСР. Свердловская, Пермская, Челябинская, Тюменская, Оренбургская, Круганская, Башкирская, Удмургская писательские организации.
260 _aСвердловск :
_bУрал,
_c1989- :.
270 _aГСП-352, Малышева, 24
_bСвердловск
_k51-77-11, 51-09-37, 51-62-78
300 _aномер.
310 _aЕжемесячный
362 _aОснован в 1958 году
650 0 4 _aԱմսագիր
650 1 4 _aХудожественная литература
_vПериодические издания
650 1 4 _aПолитика
_vПериодические издания
710 2 _aСоюз писателей РСФСР. Свердловская, Пермская, Челябинская, Тюменская, Оренбургская, Круганская, Башкирская, Удмургская писательские организации.
942 _2udc
_cCR
090 _c235109
999 _c233549
_d233549